[Event "JAHI"]
[Site "SchemingMind.com"]
[Date "2017.08.27"]
[Round "-"]
[White "Olli Ylönen"]
[Black "Helga1946"]
[Result "0-1"]
[WhiteCountry "FIN"]
[BlackCountry "GER"]
[WhiteElo "1877"]
[WhiteRD "88"]
[BlackElo "2278"]
[BlackRD "66"]
[GameID "417660"]

1. e4 e6 2. d4 d5 3. exd5 exd5 4. Nf3 Nf6 5. c4 Bb4+ 6. Bd2 Nc6 7. Bxb4 Nxb4 8. a3 Nc6 9. Nc3 Bg4 10. Qe2+ Be6
11. c5 O-O 12. O-O-O Re8 13. Qd2 Ne4 14. Nxe4 dxe4 15. Ne1 Bb3 16. Nc2 a6 17. Qc3 Qg5+ 18. Kb1 Bxc2+ 19. Qxc2 Rad8 20. h4 Qf5
21. f3 Nxd4 22. fxe4 Nxc2 23. Rxd8 Nxa3+ 24. bxa3 Qxe4+ 25. Bd3 Qa4 26. Rxe8+ Qxe8 27. g4 Qa4 28. Re1 Qb3+ 29. Kc1 Qc3+
0-1

[Event "JAHI"]
[Site "SchemingMind.com"]
[Date "2017.08.31"]
[Round "-"]
[White "Don71"]
[Black "William Lindberg"]
[Result "0-1"]
[WhiteCountry "NIR"]
[BlackCountry "USA"]
[WhiteElo "2313"]
[WhiteRD "99"]
[BlackElo "2414"]
[BlackRD "69"]
[GameID "417898"]

1. e4 e5 2. Nf3 Nc6 3. Bb5 a6 4. Bxc6 bxc6 5. Nxe5 Qg5 6. Nf3 Qxg2 7. Rg1 Qh3 8. d3 Ne7 9. Rg3 Qh5 10. Rg5 Qh3
11. Be3 Rb8 12. Rg3 Qh5 13. Nbd2 Ng6 14. Rg5 Qh3 15. Qe2 Be7 16. Rg3 Qh5 17. O-O-O O-O 18. Rdg1 d6 19. Bg5 f6 20. Be3 Bd7
21. Nd4 Qxe2 22. Nxe2 f5 23. Bg5 Bxg5 24. Rxg5 fxe4 25. Nxe4 Rbe8 26. f4 c5 27. Kd2 Re7 28. Ke3 Nh4 29. Rh5 Nf5+ 30. Kd2 g6
31. Rh3 a5 32. Rf3 Kg7 33. Rf2 h6 34. b3 Nh4 35. Kc1 Ref7 36. Nd2 g5 37. Nc4 a4 38. bxa4 Bxa4 39. Ne3 Bc6 40. Rgf1 Re7
41. Nd1 g4 42. Ndc3 h5 43. Ng3 Kh6 44. f5 Re5 45. Nce4 Bxe4 46. dxe4 c4 47. h3 Kg5 48. Rh1 Ra8 49. c3 gxh3 50. f6 Kg4
51. Ne2 Rxe4 52. f7 Rf8 53. Rg1+ Ng2 54. Kd2 Re7 55. Rgf1 c6 56. Nd4 c5 57. Nb5 Re3 58. Nc7 Kh4 59. Rf6 h2 60. Rh1 Kg3
61. Rg6+ Kh3 62. Ne6 Rxe6 63. Rxe6 Rxf7 64. Re2 Rf3 65. a4 d5 66. a5 d4
0-1

[Event "JAHI"]
[Site "SchemingMind.com"]
[Date "2017.08.30"]
[Round "-"]
[White "William Lindberg"]
[Black "Don71"]
[Result "0-1"]
[WhiteCountry "USA"]
[BlackCountry "NIR"]
[WhiteElo "2451"]
[WhiteRD "71"]
[BlackElo "2336"]
[BlackRD "95"]
[GameID "417899"]

1. e4 c5 2. Nf3 d6 3. Bb5+ Nd7 4. O-O a6 5. Be2 Ngf6 6. d3 e6 7. a4 Be7 8. a5 O-O 9. Nc3 b5 10. axb6 Qxb6
11. h3 Bb7 12. b3 Rfc8 13. Bf4 Nf8 14. Na4 Qd8 15. Nd2 Ng6 16. Bg3 Nd7 17. Nc4 d5 18. exd5 exd5 19. Nd6 Bxd6 20. Bxd6 d4
21. Bg3 f5 22. Bf3 Bc6 23. Bxc6 Rxc6 24. Qf3 Qf6 25. Bf4 Nxf4 26. Qxf4 Ne5 27. Rfe1 Re8 28. Kf1 g5 29. Qh2 f4 30. Re4 Kg7
31. f3 Re7 32. h4 h6 33. hxg5 hxg5 34. Kf2 Kg8 35. Qh3 Rh7 36. Qh1 Rxh1 37. Rxh1 c4 38. dxc4 Nxc4 39. Re8+ Kg7 40. Rhh8 Qf7
41. Rc8 Rxc8 42. Rxc8 Nd6 43. Rc6 Qe7
0-1

[Event "JAHI"]
[Site "SchemingMind.com"]
[Date "2017.09.13"]
[Round "-"]
[White "felixkronlage"]
[Black "chesshub"]
[Result "0-1"]
[WhiteCountry "GER"]
[BlackCountry "FRA"]
[WhiteElo "1237"]
[WhiteRD "77"]
[BlackElo "2637"]
[BlackRD "84"]
[GameID "418296"]

1. c4 e5 2. e4 Bc5 3. d3 d6 4. Nf3 Nc6 5. Bd2 Nge7 6. Bg5 f5 7. Bxe7 Nxe7 8. Qa4+ Bd7 9. Qd1 fxe4 10. dxe4 O-O
11. Be2 Ng6 12. O-O Nf4 13. g3 Nxe2+ 14. Qxe2 Bg4 15. h3 Rxf3 16. Nd2 Rxg3+ 17. Kh2 Rxh3+ 18. Kg2 Qg5 19. f3 Bd7#
0-1

[Event "JAHI"]
[Site "SchemingMind.com"]
[Date "2017.09.13"]
[Round "-"]
[White "chesshub"]
[Black "felixkronlage"]
[Result "1-0"]
[WhiteCountry "FRA"]
[BlackCountry "GER"]
[WhiteElo "2637"]
[WhiteRD "84"]
[BlackElo "1237"]
[BlackRD "77"]
[GameID "418297"]

1. e4 e5 2. Nf3 Nc6 3. Bb5 a6 4. Ba4 b5 5. Bb3 d6 6. O-O Nd4 7. Nxd4 exd4 8. a4 bxa4 9. Rxa4 Bd7 10. Rxd4 c5
11. Rd3 Bb5 12. Rg3 c4 13. Ba2 Nf6 14. d3 Qd7 15. dxc4 Bc6 16. Re1 Nxe4 17. Nc3 Be7 18. Nxe4 Bxe4 19. Rxe4 f5 20. Rxe7+ Qxe7
21. Re3 Qxe3 22. Bxe3 Rd8 23. Qd5 Rf8 24. Qe6#
1-0

[Event "JAHI"]
[Site "SchemingMind.com"]
[Date "2017.10.18"]
[Round "-"]
[White "Wojtek26"]
[Black "Barry Hampton"]
[Result "0-1"]
[WhiteCountry "POL"]
[BlackCountry "ENG"]
[WhiteElo "1515"]
[WhiteRD "52"]
[BlackElo "1835"]
[BlackRD "81"]
[GameID "419673"]

1. d4 Nf6 2. Nf3 g6 3. e3 Bg7 4. c4 O-O 5. Be2 c5 6. Nc3 cxd4 7. exd4 d5 8. cxd5 Nxd5 9. Nxd5 Qxd5 10. O-O Nc6
11. b3 Nxd4 12. Nxd4 Qxd4 13. Qxd4 Bxd4 14. Rb1 Bf5 15. Bh6 Bxb1 16. Bxf8 Bxa2 17. Bxe7 Re8 18. Rd1 Rxe7 19. Rxd4 Rxe2
0-1

[Event "JAHI"]
[Site "SchemingMind.com"]
[Date "2017.10.18"]
[Round "-"]
[White "Barry Hampton"]
[Black "Wojtek26"]
[Result "1-0"]
[WhiteCountry "ENG"]
[BlackCountry "POL"]
[WhiteElo "1835"]
[WhiteRD "81"]
[BlackElo "1515"]
[BlackRD "52"]
[GameID "419674"]

1. Nf3 d5 2. g3 Nc6 3. Bg2 Nf6 4. O-O e6 5. d3 Bc5 6. Nbd2 O-O 7. e4 dxe4 8. dxe4 h6 9. Qe2 b6 10. e5 Nd7
11. Nb3 Be7 12. Bf4 Bb7 13. c3 g5 14. Bd2 Ncxe5 15. Nxe5 Nxe5 16. Bxb7
1-0

[Event "JAHI"]
[Site "SchemingMind.com"]
[Date "2017.11.25"]
[Round "-"]
[White "Michael Christensen"]
[Black "nikita68"]
[Result "0-1"]
[WhiteCountry "GER"]
[BlackCountry "RUS"]
[WhiteElo "1686"]
[WhiteRD "132"]
[BlackElo "2366"]
[BlackRD "85"]
[GameID "421015"]

1. f4 d5 2. Nf3 Nf6 3. e3 g6 4. Be2 Bg7 5. O-O O-O 6. Nc3 c5 7. d3 Nc6 8. Qe1 b6 9. e4 d4 10. Nd1 Bg4
11. Nf2 Bd7 12. h4 Qc7 13. Ng5 h6 14. Ngh3 e5 15. f5 Nb4 16. Qd2 gxf5 17. exf5 Bxf5 18. g4 Be6 19. g5 hxg5 20. Qxg5 Nxc2
21. Kh2 Nxa1 22. Rg1 Ne8 23. Ne4 f5 24. Qg6 Qf7 25. Qh6 fxe4 26. Bh5 Qd7 27. Rg6 Bxh3 28. Be2 Rf2+
0-1

[Event "JAHI"]
[Site "SchemingMind.com"]
[Date "2017.11.25"]
[Round "-"]
[White "nikita68"]
[Black "Michael Christensen"]
[Result "1-0"]
[WhiteCountry "RUS"]
[BlackCountry "GER"]
[WhiteElo "2343"]
[WhiteRD "83"]
[BlackElo "1697"]
[BlackRD "128"]
[GameID "421016"]

1. d4 b6 2. e4 Bb7 3. Bd3 e6 4. Nf3 g6 5. O-O Bg7 6. c4 d6 7. Nc3 Ne7 8. Be3 O-O 9. Qd2 Re8 10. Rad1 Nd7
11. Rfe1 a6 12. b4 Rc8 13. Bg5 c5 14. bxc5 dxc5 15. d5 exd5 16. exd5 Nf6 17. Ne5 Nd7 18. Ng4 Nf8 19. Ne4 Nd7 20. Nd6
1-0

[Event "JAHI"]
[Site "SchemingMind.com"]
[Date "2017.11.30"]
[Round "-"]
[White "frankly"]
[Black "Ronald R. Nurmi"]
[Result "1-0"]
[WhiteCountry "ENG"]
[BlackCountry "USA"]
[WhiteElo "2655"]
[WhiteRD "61"]
[BlackElo "1785"]
[BlackRD "77"]
[GameID "421450"]

1. e4 d5 2. exd5 Qxd5 3. Nc3 Qd6 4. d4 Nf6 5. Nf3 c6 6. h3 Bf5 7. Bd3 Bxd3 8. Qxd3 Nbd7 9. O-O e6 10. Ne4 Qc7
11. Nxf6+ Nxf6 12. c4 Be7 13. Qe2 O-O 14. Bd2 Rad8 15. Rfd1 h6 16. b4 b6 17. a4 a6 18. Be1 Rd7 19. Ne5 Rd6 20. c5 a5
21. cxd6
1-0

[Event "JAHI"]
[Site "SchemingMind.com"]
[Date "2017.11.30"]
[Round "-"]
[White "Ronald R. Nurmi"]
[Black "frankly"]
[Result "0-1"]
[WhiteCountry "USA"]
[BlackCountry "ENG"]
[WhiteElo "1785"]
[WhiteRD "77"]
[BlackElo "2655"]
[BlackRD "61"]
[GameID "421451"]

1. d4 Nf6 2. Bf4 g6 3. Nc3 Bg7 4. e4 d6 5. Qd2 O-O 6. O-O-O c6 7. Bh6 b5 8. f3 Qa5 9. h4 b4 10. Nb1 Ba6
11. h5 Bxh6 12. Qxh6 Bxf1 13. Rxf1 Nbd7 14. g4 g5 15. Nh3 Rab8 16. Qxg5+ Qxg5+ 17. Nxg5 c5 18. c4 bxc3 19. Nxc3 cxd4 20. Ne2 Rfc8+
21. Kb1 d3 22. Nc1 Ne5 23. Rh2 Rb5 24. Rd2 Nc4 25. Rxd3 Rxg5
0-1

[Event "JAHI"]
[Site "SchemingMind.com"]
[Date "2018.01.09"]
[Round "-"]
[White "Robert Bruce"]
[Black "frankly"]
[Result "0-1"]
[WhiteCountry "SCO"]
[BlackCountry "ENG"]
[WhiteElo "2294"]
[WhiteRD "73"]
[BlackElo "2669"]
[BlackRD "65"]
[GameID "423015"]

1. f4 d5 2. Nf3 Nf6 3. e3 g6 4. b4 Bg7 5. Bb2 O-O 6. Be2 Bg4 7. O-O Nbd7 8. c4 c6 9. a4 dxc4 10. Bxc4 a5
11. b5 Nb6 12. Be2 cxb5 13. axb5 a4 14. Bd4 Nfd5 15. Ne5 Bxe2 16. Qxe2 Qd6 17. Bb2 Rfd8 18. Na3 Rac8 19. Kh1 Nd7 20. Qf3 Bxe5
21. Bxe5 Nxe5 22. fxe5 Qxe5 23. Qxf7+ Kh8 24. Kg1 Rf8 25. Qxf8+ Rxf8 26. Rxf8+ Kg7 27. Rff1 Nf6 28. h3 Ne4 29. d4 Qe6 30. Rfc1 Qb3
31. Nc4 Nc3 32. Ra3 Qxc4 33. Raxc3 Qxb5 34. Kh1 Kh6 35. Ra3 Qa5 36. Rca1 b5 37. R3a2 Qc3 38. Ra3 Qb4 39. Kg1 Kg5 40. Rd3 Kf5
41. Rda3 g5 42. Kh2 h5 43. Kg3 Qd6+ 44. Kf2 Ke4 45. R3a2 Qh2 46. d5 g4 47. hxg4 hxg4 48. Rf1 g3+ 49. Ke1 b4
0-1

[Event "JAHI"]
[Site "SchemingMind.com"]
[Date "2018.01.09"]
[Round "-"]
[White "frankly"]
[Black "Robert Bruce"]
[Result "1-0"]
[WhiteCountry "ENG"]
[BlackCountry "SCO"]
[WhiteElo "2669"]
[WhiteRD "65"]
[BlackElo "2294"]
[BlackRD "73"]
[GameID "423016"]

1. e4 Nf6 2. e5 Nd5 3. d4 d6 4. Nf3 Nb6 5. a4 a5 6. Nc3 g6 7. exd6 exd6 8. Bg5 f6 9. Bf4 Bg7 10. Bb5+ Kf7
11. d5 Qe7+ 12. Be3 Bh6 13. O-O Bxe3 14. Re1 Bxf2+ 15. Kxf2 Qd8 16. Nd4 Kg7 17. Re2 Rf8 18. Kg1 Bg4 19. Qd2 Kg8 20. Re4 Bd7
21. Rae1 f5 22. Re7 f4 23. R1e4 c6 24. Nxc6 bxc6 25. Qd4 Rf7 26. Rxf7 Kxf7 27. Rxf4+ Kg8 28. Ne4 Nxd5 29. Bc4 Be6 30. Bxd5 cxd5
31. Nf6+ Kf7 32. Nxh7+ Bf5 33. g4 Nd7 34. Qxd5+ Ke7 35. gxf5 gxf5 36. Qxf5 Qb6+ 37. Kf1 Qc6 38. Qg5+ Ke6 39. Qh6+ Ke7 40. Qh4+ Ke8
41. Nf6+ Nxf6 42. Qxf6 Qh1+ 43. Ke2
1-0

[Event "JAHI"]
[Site "SchemingMind.com"]
[Date "2018.02.12"]
[Round "-"]
[White "William Lindberg"]
[Black "Barry Hampton"]
[Result "1-0"]
[WhiteCountry "USA"]
[BlackCountry "ENG"]
[WhiteElo "2440"]
[WhiteRD "69"]
[BlackElo "1874"]
[BlackRD "94"]
[GameID "424703"]

1. c4 e6 2. d4 Nf6 3. Nf3 d5 4. Nc3 Be7 5. Bf4 O-O 6. e3 Nbd7 7. Be2 c6 8. Ne5 Nxe5 9. Bxe5 b6 10. O-O Bb7
11. cxd5 exd5 12. a3 Ne8 13. Rc1 Rc8 14. Bg4 Ba6 15. Bxc8 Bxf1 16. Qxf1 Qxc8 17. Nxd5 Qb7 18. Rxc6 f6 19. Bg3 Kh8 20. Qb5 Bd8
21. e4 Rf7 22. Rxb6
1-0

[Event "JAHI"]
[Site "SchemingMind.com"]
[Date "2018.02.12"]
[Round "-"]
[White "Barry Hampton"]
[Black "William Lindberg"]
[Result "0-1"]
[WhiteCountry "ENG"]
[BlackCountry "USA"]
[WhiteElo "1874"]
[WhiteRD "94"]
[BlackElo "2440"]
[BlackRD "69"]
[GameID "424704"]

1. Nf3 d5 2. g3 e6 3. Bg2 Nf6 4. O-O c5 5. d3 Nc6 6. Nbd2 Be7 7. e4 O-O 8. Re1 h6 9. e5 Nd7 10. Nf1 b5
11. h4 Bb7 12. N1h2 Re8 13. Ng4 Bf8 14. Bf4 Ne7 15. d4 cxd4 16. Nxd4 Ng6 17. Bd2 h5 18. Nh2 Ngxe5 19. Nxb5 Qb6 20. Nc3 Bc5
21. Be3 d4 22. Na4 dxe3 23. Nxb6 exf2+ 24. Kf1 Bxg2+ 25. Kxg2 fxe1=N+ 26. Qxe1 axb6 27. Qe2 Nc6 28. Qxh5 Nf6 29. Qf3 Nd4 30. Qd3 Nf5
31. a4 Red8 32. Qe2 Nxg3 33. Kxg3 Rd2 34. Qf3 Bd6+
0-1

[Event "JAHI"]
[Site "SchemingMind.com"]
[Date "2018.05.14"]
[Round "-"]
[White "Geoffrey Rosser"]
[Black "Helga1946"]
[Result "1/2-1/2"]
[WhiteCountry "ENG"]
[BlackCountry "GER"]
[WhiteElo "1951"]
[WhiteRD "71"]
[BlackElo "2070"]
[BlackRD "51"]
[GameID "428210"]

1. e4 c5 2. c3 d5 3. exd5 Qxd5 4. Nf3 Nc6 5. Na3 Bg4 6. Bc4 Qe4+ 7. Qe2 Bxf3 8. gxf3 Qxe2+ 9. Kxe2 a6 10. d3 e6
11. Bf4 Nf6 12. Rad1 Nh5 13. Bg3 O-O-O=
1/2-1/2

[Event "JAHI"]
[Site "SchemingMind.com"]
[Date "2018.05.13"]
[Round "-"]
[White "Helga1946"]
[Black "Geoffrey Rosser"]
[Result "1/2-1/2"]
[WhiteCountry "GER"]
[BlackCountry "ENG"]
[WhiteElo "2070"]
[WhiteRD "51"]
[BlackElo "1951"]
[BlackRD "71"]
[GameID "428211"]

1. Nf3 d5 2. d4 c5 3. dxc5 Qa5+ 4. Nc3 Qxc5 5. e4 dxe4 6. Be3 Qf5 7. Nd5 Bd7 8. Nh4 Qe5 9. Bf4 Qxb2 10. Rb1 Qxa2
11. Rxb7 Na6 12. Bxa6 Rc8 13. Rxd7 Rxc2 14. Nc7+=
1/2-1/2

[Event "JAHI"]
[Site "SchemingMind.com"]
[Date "2018.06.29"]
[Round "-"]
[White "William Lindberg"]
[Black "chesshub"]
[Result "1-0"]
[WhiteCountry "USA"]
[BlackCountry "FRA"]
[WhiteElo "2506"]
[WhiteRD "70"]
[BlackElo "2575"]
[BlackRD "78"]
[GameID "429842"]

1. c4 e5 2. g4 d5 3. cxd5 Qxd5 4. Nf3 Bxg4 5. Nc3 Qa5 6. Ng5 Nc6 7. Qb3 Nd8 8. Rg1 Bd7 9. d3 f6 10. Nf3 Nc6
11. a3 Nge7 12. Bd2 Nd4 13. Nxd4 exd4 14. Ne4 Qb6 15. Qc4 Ng6 16. Rc1 O-O-O 17. Nc5 Bxc5 18. Qxc5 Rhe8 19. Rg3 Kb8 20. b3 Be6
21. Qxb6 axb6 22. b4 Rd5 23. a4 Re7 24. Ra1 Rh5 25. h3 Nh4 26. Rb1 Bd5 27. b5 Rhe5 28. Kd1 Bf7 29. Bf4 Rc5 30. Rg1 g5
31. Bg3 Nf5 32. Kd2 Bd5 33. Bg2 Bxg2 34. Rxg2 Kc8 35. Rgg1 Rce5 36. Bxe5 Rxe5 37. f4 gxf4 38. Rbf1
1-0

[Event "JAHI"]
[Site "SchemingMind.com"]
[Date "2018.07.24"]
[Round "-"]
[White "nikita68"]
[Black "JAHI"]
[Result "0-1"]
[WhiteCountry "RUS"]
[BlackCountry "INT"]
[WhiteElo "2223"]
[WhiteRD "98"]
[BlackElo "2122"]
[BlackRD "74"]
[GameID "430449"]

1. d4 g6 2. c4 h6 3. e4 e6 4. Nf3 d6 5. Be2 Bg7 6. O-O e5 7. dxe5 dxe5 8. Qxd8+ Kxd8 9. Rd1+ Bd7 10. Nc3 Nc6
11. a3 Nd4 12. Nxd4 exd4 13. Nb5 Bxb5 14. cxb5 Ne7 15. b4 Ke8 16. Bb2 Rd8 17. f4 g5 18. f5 Nc8 19. Rd3 Ke7 20. Rc1 Be5
21. Rcd1 Rd6 22. Bxd4 Bxd4+ 23. Rxd4 Rhd8 24. Rxd6 Rxd6 25. Rc1 Rd2 26. Bg4 Kd8
0-1

[Event "JAHI"]
[Site "SchemingMind.com"]
[Date "2018.07.21"]
[Round "-"]
[White "JAHI"]
[Black "nikita68"]
[Result "1-0"]
[WhiteCountry "INT"]
[BlackCountry "RUS"]
[WhiteElo "2122"]
[WhiteRD "74"]
[BlackElo "2223"]
[BlackRD "98"]
[GameID "430450"]

1. a3 e5 2. g3 d5 3. h3 Nf6 4. e3 c5 5. d3 Bd6 6. d4 O-O 7. dxe5 Bxe5 8. Nf3 Nc6 9. Nxe5 Nxe5 10. Bg2 Bd7
11. Nc3 Bc6 12. Ne2 Re8 13. b3 Rc8 14. f3 d4 15. e4 d3 16. Be3 dxe2 17. Qxd8 Rcxd8 18. Kxe2 b6 19. Rad1 h6 20. Rxd8 Rxd8
21. Ra1 g5 22. a4
1-0

[Event "JAHI"]
[Site "SchemingMind.com"]
[Date "2018.12.15"]
[Round "-"]
[White "JAHI"]
[Black "frankly"]
[Result "0-1"]
[WhiteCountry "INT"]
[BlackCountry "ENG"]
[WhiteElo "2157"]
[WhiteRD "82"]
[BlackElo "2545"]
[BlackRD "65"]
[GameID "436026"]

1. c3 d5 2. c4 d4 3. e3 e5 4. exd4 exd4 5. d3 Nf6 6. Nf3 c5 7. Na3 h6 8. Be2 Nc6 9. h3 Bd6 10. Nc2 O-O
11. Rb1 a5 12. b3 Rb8 13. Na3 Na7 14. Bb2 Bc7 15. Nc2 b6 16. Ba3 Nc6 17. Ra1 Re8 18. Qd2 Nh5 19. Kf1 Qf6 20. Re1 Bb7
21. Qd1 Nf4 22. Bc1 Nxg2 23. Kxg2 Ne5 24. Reg1 Re6 25. Bd2 Rbe8 26. Be3 Qf5 27. h4 Rg6+ 28. Kf1 Nxf3 29. Bxf3 Bxf3 30. Qd2 Bxh1
31. Rxg6 fxg6 32. Ke1 dxe3 33. Nxe3 Qg4 34. Qe2 Bf3 35. Nxg4 Rxe2+ 36. Kd1 Rxf2+ 37. Ke1 Rxa2 38. Nf2 Bg3 39. d4 Rxf2 40. dxc5 Ra2+
41. Kf1 Ra1#
0-1

[Event "JAHI"]
[Site "SchemingMind.com"]
[Date "2018.12.16"]
[Round "-"]
[White "frankly"]
[Black "JAHI"]
[Result "1-0"]
[WhiteCountry "ENG"]
[BlackCountry "INT"]
[WhiteElo "2572"]
[WhiteRD "66"]
[BlackElo "2133"]
[BlackRD "80"]
[GameID "436027"]

1. d4 d6 2. e4 d5 3. exd5 Qxd5 4. Nf3 Bg4 5. Be2 Nf6 6. c4 Qd7 7. Nc3 Nc6 8. d5 Bxf3 9. Bxf3 Ne5 10. O-O Nxc4
11. Qd4 Nb6 12. Bg5 Rg8 13. Rfd1 Rd8 14. Qe3 h6 15. Bxf6 gxf6 16. Be2 a6 17. d6 Rg5 18. f4 Ra5 19. Ne4 Bg7 20. Rac1 Nd5
21. Rxd5 Rxd5 22. Rxc7 Rxd6 23. Rxd7 R6xd7 24. Nc5 Rd2 25. Ne6 Rxe2 26. Nxg7+ Kf8 27. Qxe2 Kxg7 28. h3 e6 29. Qg4+ Kh7 30. f5 e5
31. Qb4 Rd7 32. Qf8 h5 33. Kf2 Rc7 34. Kg3 e4 35. Kf4 Rd7 36. Kxe4 a5 37. Kf4 Rd4+ 38. Kf3 Rd3+ 39. Kf2 Rd7 40. Kg3 a4
41. Kh4 Rc7 42. Kxh5 a3 43. bxa3 Rd7 44. g4 Re7 45. g5 Re5 46. Qxf7+ Kh8 47. Qf8+ Kh7 48. g6#
1-0

[Event "JAHI"]
[Site "SchemingMind.com"]
[Date "2019.04.10"]
[Round "-"]
[White "frankly"]
[Black "William Lindberg"]
[Result "1-0"]
[WhiteCountry "ENG"]
[BlackCountry "USA"]
[WhiteElo "2593"]
[WhiteRD "63"]
[BlackElo "2510"]
[BlackRD "68"]
[GameID "440038"]

1. e4 e5 2. Nf3 Nc6 3. Bb5 Nf6 4. O-O Nxe4 5. d4 Nd6 6. Bxc6 bxc6 7. dxe5 Nf5 8. Bg5 Be7 9. Bxe7 Nxe7 10. Nc3 O-O
11. Ne4 Nf5 12. Qd2 d6 13. Rad1 Nh4 14. exd6 Nxf3+ 15. gxf3 cxd6 16. Qxd6 Qa5 17. a3 Be6 18. Qc5 Qb6 19. Qc3 Bd5 20. Ng3 Qd8
21. Rfe1 f5 22. Re5 Qf6 23. Rde1 g6 24. Kg2 Rad8 25. h3 h6 26. Qb4 Rd7 27. Re8 Qd6 28. Qxd6 Rxd6 29. Nf1 Rd7 30. R8e7 Rxe7
31. Rxe7 Rf7 32. Rxf7 Kxf7 33. Ne3 Be6 34. f4 Ke7 35. b4 Ba2 36. Kf3 Kf6 37. a4 Ke7 38. Ke2 Ke6 39. h4 Kd6 40. Kd3 c5
41. b5 Be6 42. a5 Bd7 43. c4 a6 44. bxa6 Kc7 45. Nf1 Bc8 46. a7 Kb7 47. Nd2 Kxa7 48. Nb3 Bb7 49. Nxc5 Ba8 50. Kd4 Kb8
51. Ke5 Bf3 52. Kf6 Kc7 53. Nd3 Bh5 54. Ne5 Kb7 55. c5 Kc7 56. Kg7 Kb8 57. Kxh6 Kb7 58. Nxg6
1-0

[Event "JAHI"]
[Site "SchemingMind.com"]
[Date "2019.04.10"]
[Round "-"]
[White "William Lindberg"]
[Black "frankly"]
[Result "1/2-1/2"]
[WhiteCountry "USA"]
[BlackCountry "ENG"]
[WhiteElo "2510"]
[WhiteRD "68"]
[BlackElo "2593"]
[BlackRD "63"]
[GameID "440039"]

1. d4 Nf6 2. Nf3 d5 3. c4 e6 4. Nc3 c6 5. Bg5 h6 6. Bxf6 Qxf6 7. e3 Nd7 8. Bd3 dxc4 9. Bxc4 g6 10. O-O Bg7
11. e4 e5 12. d5 Nb6 13. Nd2 O-O 14. Bb3 Bd7 15. Qe2 cxd5 16. Nxd5 Nxd5 17. Bxd5 Be6 18. Bxe6 Qxe6 19. Nb1 Bf6 20. Nc3 Bg5
21. Rad1 Rac8 22. Nd5 Rc6 23. g3 Rfc8 24. Qb5 b6 25. Qa6 Rc4 26. Rde1 Qd7 27. b3 Rc2 28. Rd1 Qg4 29. Qxa7 Kg7 30. Nb4 Re2
31. Qd7 Qxd7 32. Rxd7 Rxe4 33. Nd5 Rc2 34. Nxb6 Rxa2 35. Nc4 Ree2 36. Rb7 Kf8 37. Rb8+ Kg7 38. Rb7 Bd2 39. Nd6 Kf6 40. Nxf7 e4
41. Nd8 e3 42. fxe3+ Ke5 43. Nf7+ Ke6 44. Nd8+ Ke5 45. Nf7+= Ke6 46. Nd8+ Ke5
1/2-1/2